000 00638nam a2200217 u 4500
005 20240911063917.0
008 150519s2013 es r 000 0 spa d
020 _a9788499213743
035 _aUPN01000203602
049 _aCG
050 4 _aZ675 S3
_bL3.2
100 1 _aLage Fernández, Juan José
_937577
245 1 0 _aBibliotecas escolares, lectura y educación /
_cJuan José Lage Fernández.
260 _aBarcelona, Esp. :
_bOctaedro,
_c2013.
300 _a190 p.
440 0 _aRecursos ;
_v140
650 2 _aBibliotecas escolares
_92963
650 4 _aLibros y lectura para niños
_92290
905 _aLibro
999 _c175703
_d175703